Vodné hospodárstvo a jeho postavenie v podmienkach Slovenskej republiky diplomová práca

Salvato in:
Dettagli Bibliografici
Autore principale: Jankovičová, Alena
Ente Autore: Národohospodárska fakulta EU. Katedra hospodárskej politiky
Altri autori: Chandoga, Roman
Natura: Libro
Lingua:slovacco
Pubblicazione: Bratislava 2012
Tags: Aggiungi Tag
Nessun Tag, puoi essere il primo ad aggiungerne!!

MARC

LEADER 00000nbm a2200000 4500
001 0153530
005 20161109102120.2
041 0 |a slo 
044 |a SK 
245 1 0 |a Vodné hospodárstvo a jeho postavenie v podmienkach Slovenskej republiky  |b diplomová práca  |c Alena Jankovičová ; školiteľ: Roman Chandoga 
264 1 |a Bratislava  |c 2012 
300 |a 68 s. 
100 1 |a Jankovičová, Alena 
700 1 |a Chandoga, Roman 
710 2 |a Národohospodárska fakulta EU. Katedra hospodárskej politiky